000 00379nam a22001577a 4500
020 _a81-905200-6-6
082 _aH301
_bMAD/V
100 _aMadanlal Jain
245 _aBarma ki aur/
_cby Madanlal Jain
260 _aDelhi:
_bPooja Pusthak Mandir,
_c2011.
300 _a112p.
650 _aStories Hindi
650 _aLiterature Hindi
650 _aLiterature
942 _cBK
999 _c52171
_d52171